[Event "Bad Ragaz Accentus YM"]
[Site "Bad Ragaz"]
[Date "2016.04.13"]
[Round "8"]
[White "Hera, Imre Jr"]
[Black "Vuilleumier, Alexandre"]
[Result "1-0"]
[WhiteElo "2622"]
[BlackElo "2370"]
[PlyCount "65"]
[EventDate "2016.04.06"]
[EventType "tourn"]
[EventRounds "9"]
[EventCountry "SUI"]
[EventCategory "9"]
[SourceTitle "CBM 171 Extra"]
[Source "ChessBase"]
[SourceDate "2016.04.26"]
[SourceVersion "1"]
[SourceVersionDate "2016.04.26"]
[SourceQuality "1"]

1. d4 d6 2. Nf3 f5 3. g3 Nf6 4. Bg2 g6 5. 0-0 Bg7 6. c4 0-0 7. Nc3 c6 8. b3 Na6 9. Bb2 Qc7 10. Rc1 e5 11. Nb5 Qd8 12. dxe5 dxe5 13. Ba3 e4 14. Ng5 h6 15. Nh3 cxb5 16. cxb5 Nb8 17. Bxf8 Qxf8 18. Nf4 Qe8 19. Nxg6 Bd7 20. Nh4 a6 21. b6 Nc6 22. Qd6 Rc8 23. Bh3 Ng4 24. Rfd1 Be6 25. Bxg4 fxg4 26. Qf4 Qf7 27. Qxe4 Re8 28. Qg6 Nd4 29. Rc7 Qxg6 30. Nxg6 Bd5 31. Ne7+ Rxe7 32. Rxe7 Bf6 33. Rxd4 1-0

[Event "Bad Ragaz Accentus YM"]
[Site "Bad Ragaz"]
[Date "2016.04.11"]
[Round "6"]
[White "Demuth, Adrien"]
[Black "Vuilleumier, Alexandre"]
[Result "0-1"]
[WhiteElo "2550"]
[BlackElo "2370"]
[PlyCount "56"]
[EventDate "2016.04.06"]
[EventType "tourn"]
[EventRounds "9"]
[EventCountry "SUI"]
[EventCategory "9"]
[SourceTitle "CBM 171 Extra"]
[Source "ChessBase"]
[SourceDate "2016.04.26"]
[SourceVersion "1"]
[SourceVersionDate "2016.04.26"]
[SourceQuality "1"]

1. d4 d6 2. Nf3 f5 3. Nc3 Nf6 4. Bg5 e6 5. e4 fxe4 6. Nxe4 Be7 7. Bxf6 Bxf6 8. Bd3 Nc6 9. 0-0 0-0 10. Nxf6+ Qxf6 11. Re1 Kh8 12. c3 Ne7 13. Qc2 Nd5 14. Be4 g5 15. h3 h5 16. Nh2 Bd7 17. Bxd5 exd5 18. Re3 g4 19. hxg4 hxg4 20. Rae1 Rf7 21. f3 g3 22. Nf1 Rg8 23. Qe2 Qh4 24. Re7 Rgg7 25. Rxd7 Rxd7 26. Qe8+ Kh7 27. Nxg3 Rdf7 28. Nf1 Rxg2+ 0-1

[Event "Bad Ragaz Accentus YM"]
[Site "Bad Ragaz"]
[Date "2016.04.10"]
[Round "5"]
[White "Gaehwiler, Gabriel"]
[Black "Vuilleumier, Alexandre"]
[Result "1/2-1/2"]
[WhiteElo "2359"]
[BlackElo "2370"]
[PlyCount "45"]
[EventDate "2016.04.06"]
[EventType "tourn"]
[EventRounds "9"]
[EventCountry "SUI"]
[EventCategory "9"]
[SourceTitle "CBM 171 Extra"]
[Source "ChessBase"]
[SourceDate "2016.04.26"]
[SourceVersion "1"]
[SourceVersionDate "2016.04.26"]
[SourceQuality "1"]

1. g3 c5 2. c4 Nc6 3. Bg2 g6 4. Nc3 Bg7 5. b3 e6 6. Bb2 Nge7 7. Qc1 d6 8. Nd5 e5 9. f4 0-0 10. Nf3 Bg4 11. fxe5 Nxd5 12. cxd5 Bxf3 13. Bxf3 Nxe5 14. 0-0 Nxf3+ 15. Rxf3 Bxb2 16. Qxb2 Qg5 17. e4 Qg4 18. Rf4 Qe2 19. Raf1 Rae8 20. R1f2 Qe1+ 21. Rf1 Qe2 22. R1f2 Qe1+ 23. Rf1 1/2-1/2

[Event "Bad Ragaz Accentus YM"]
[Site "Bad Ragaz"]
[Date "2016.04.08"]
[Round "3"]
[White "Studer, Noel"]
[Black "Vuilleumier, Alexandre"]
[Result "1-0"]
[WhiteElo "2438"]
[BlackElo "2370"]
[PlyCount "75"]
[EventDate "2016.04.06"]
[EventType "tourn"]
[EventRounds "9"]
[EventCountry "SUI"]
[EventCategory "9"]
[SourceTitle "CBM 171 Extra"]
[Source "ChessBase"]
[SourceDate "2016.04.26"]
[SourceVersion "1"]
[SourceVersionDate "2016.04.26"]
[SourceQuality "1"]

1. d4 d6 2. g3 g6 3. Bg2 Bg7 4. Nf3 f5 5. d5 c6 6. c4 e5 7. e4 Nf6 8. Nc3 cxd5 9. cxd5 0-0 10. 0-0 Na6 11. Ng5 Qe7 12. b3 Nc5 13. Be3 h6 14. b4 Ncxe4 15. Ngxe4 fxe4 16. Qd2 Bf5 17. Bxh6 Bxh6 18. Qxh6 Rac8 19. Rac1 Ng4 20. Qd2 Qh7 21. h4 e3 22. fxe3 Qh6 23. Nb5 Qxe3+ 24. Qxe3 Nxe3 25. Nxd6 Rcd8 26. Nxf5 gxf5 27. Rfe1 f4 28. Bf3 Rd7 29. gxf4 exf4 30. Kf2 Rfd8 31. Rg1+ Kf8 32. Rg5 Nxd5 33. Rc4 Ke7 34. Re4+ Kf6 35. Rd4 Nc3 36. Rxf4+ Ke7 37. Rg7+ Kd6 38. Rd4+ 1-0

[Event "Bad Ragaz Accentus YM"]
[Site "Bad Ragaz"]
[Date "2016.04.07"]
[Round "2"]
[White "Vuilleumier, Alexandre"]
[Black "Loetscher, Roland"]
[Result "1-0"]
[WhiteElo "2370"]
[BlackElo "2435"]
[PlyCount "83"]
[EventDate "2016.04.06"]
[EventType "tourn"]
[EventRounds "9"]
[EventCountry "SUI"]
[EventCategory "9"]
[SourceTitle "CBM 171 Extra"]
[Source "ChessBase"]
[SourceDate "2016.04.26"]
[SourceVersion "1"]
[SourceVersionDate "2016.04.26"]
[SourceQuality "1"]

1. e4 e5 2. Nf3 Nc6 3. Nc3 Nf6 4. Bb5 Bb4 5. 0-0 0-0 6. d3 d6 7. Ne2 Ne7 8. c3 Ba5 9. Ng3 c6 10. Ba4 h6 11. d4 exd4 12. cxd4 d5 13. e5 Ne4 14. Bc2 Nxg3 15. fxg3 Bg4 16. h3 Bf5 17. Nh4 Bxc2 18. Qxc2 Bb6 19. Be3 Qd7 20. Rf3 Rae8 21. Raf1 Nc8 22. Nf5 Re6 23. Qf2 Bd8 24. g4 a5 25. b3 Qe8 26. Bc1 Be7 27. h4 Nb6 28. g5 h5 29. Bd2 a4 30. Ba5 Nd7 31. Bc7 axb3 32. axb3 Bb4 33. Bd6 Bxd6 34. Nxd6 Rxd6 35. exd6 Qe6 36. Qg3 Qe4 37. Qf4 Nb6 38. Re3 Qxf4 39. Rxf4 Nc8 40. d7 Nd6 41. g6 f6 42. Re6 1-0

[Event "Reykjavik op"]
[Site "Reykjavik"]
[Date "2016.03.16"]
[Round "10"]
[White "Paehtz, Elisabeth"]
[Black "Vuilleumier, Alexandre"]
[Result "1/2-1/2"]
[WhiteElo "2474"]
[BlackElo "2366"]
[PlyCount "60"]
[EventDate "2016.03.08"]
[EventType "swiss"]
[EventRounds "10"]
[EventCountry "ISL"]
[SourceTitle "CBM 171 Extra"]
[Source "ChessBase"]
[SourceDate "2016.04.26"]
[SourceVersion "1"]
[SourceVersionDate "2016.04.26"]
[SourceQuality "1"]

1. Nf3 d6 2. d4 f5 3. c4 Nf6 4. Bg5 Ne4 5. h4 c5 6. Nc3 h6 7. Bd2 Nd7 8. h5 e6 9. e3 Be7 10. Bd3 Nxd2 11. Qxd2 0-0 12. Qc2 cxd4 13. exd4 Bg5 14. Nb5 Nb6 15. Nxg5 Qxg5 16. Nxd6 Qf4 17. c5 Nd5 18. 0-0 Bd7 19. Rad1 Qg5 20. Be2 Nf4 21. Bf3 Bc6 22. Bxc6 bxc6 23. g3 Qxh5 24. gxf4 Qg4+ 25. Kh2 Qh4+ 26. Kg2 Qg4+ 27. Kh2 Qxf4+ 28. Kg2 Qg4+ 29. Kh2 Qh5+ 30. Kg2 Qg4+ 1/2-1/2

[Event "Reykjavik op"]
[Site "Reykjavik"]
[Date "2016.03.10"]
[Round "4"]
[White "Jameson, David"]
[Black "Vuilleumier, Alexandre"]
[Result "0-1"]
[WhiteElo "2103"]
[BlackElo "2366"]
[PlyCount "98"]
[EventDate "2016.03.08"]
[EventType "swiss"]
[EventRounds "10"]
[EventCountry "ISL"]
[SourceTitle "CBM 171 Extra"]
[Source "ChessBase"]
[SourceDate "2016.04.26"]
[SourceVersion "1"]
[SourceVersionDate "2016.04.26"]
[SourceQuality "1"]

1. e4 c5 2. c3 Nf6 3. e5 Nd5 4. d4 cxd4 5. Nf3 Nc6 6. cxd4 d6 7. Bc4 Nb6 8. Bb5 dxe5 9. Nxe5 Bd7 10. Nxd7 Qxd7 11. 0-0 Rd8 12. Nc3 e6 13. Be3 Be7 14. Qf3 0-0 15. Rfd1 Nd5 16. Nxd5 Qxd5 17. Qxd5 Rxd5 18. Bxc6 bxc6 19. Kf1 f5 20. f4 Rb8 21. Rd2 c5 22. Rad1 c4 23. Rc1 Ra5 24. Rxc4 Rxa2 25. Rcc2 Rb3 26. Kf2 Bf6 27. Rc8+ Kf7 28. Rc7+ Kg6 29. Rcc2 a5 30. Ke2 a4 31. g3 Kh5 32. h3 h6 33. Bf2 g5 34. Be3 gxf4 35. Bxf4 Bg5 36. Bxg5 hxg5 37. d5 exd5 38. Rxd5 Rxg3 39. Rxf5 Rxh3 40. Rf2 a3 41. Kf1 Ra1+ 42. Kg2 a2 43. Kxh3 Rh1+ 44. Rh2 Rxh2+ 45. Rxh2 a1Q 46. Kg3+ Kg6 47. Rf2 Qb1 48. Rg2 Qd3+ 49. Kh2 Kf5 0-1

[Event "Gibraltar Masters 14th"]
[Site "Caleta"]
[Date "2016.02.03"]
[Round "9"]
[White "Vuilleumier, Alexandre"]
[Black "Dolzhikova, Olga"]
[Result "1/2-1/2"]
[WhiteElo "2356"]
[BlackElo "2126"]
[PlyCount "115"]
[EventDate "2016.01.26"]
[EventType "swiss"]
[EventRounds "10"]
[EventCountry "GGB"]
[SourceTitle "CBM 171"]
[Source "ChessBase"]
[SourceDate "2016.03.14"]
[SourceVersion "2"]
[SourceVersionDate "2016.03.14"]
[SourceQuality "1"]

1. d4 Nf6 2. Nf3 e6 3. Bf4 d6 4. h3 Nc6 5. Nc3 Nd7 6. Bh2 e5 7. e4 g6 8. dxe5 Ndxe5 9. Nxe5 Nxe5 10. f4 Nc6 11. Qd2 Bg7 12. 0-0-0 Qf6 13. g4 Qd4 14. Qxd4 Nxd4 15. Nd5 Kd8 16. e5 Nc6 17. Bg2 Bd7 18. exd6 cxd6 19. Nc3 Bxc3 20. bxc3 f5 21. Rxd6 Kc7 22. Rhd1 Rad8 23. g5 Bc8 24. Rf6 Rxd1+ 25. Kxd1 Rd8+ 26. Kc1 Rd6 27. Rf7+ Rd7 28. Bd5 Rxf7 29. Bxf7 Kd6 30. Bg8 Ke7 31. Kd2 Be6 32. Bxe6 Kxe6 33. Kd3 Kd5 34. c4+ Kd6 35. Bg1 a6 36. Be3 Nd8 37. Bd4 Ne6 38. Be5+ Kc6 39. Kc3 Kc5 40. Bb8 Nd8 41. Ba7+ Kc6 42. Be3 Kd6 43. Kb4 Kc6 44. Kc3 Ne6 45. Kd3 Kd6 46. h4 Kc7 47. Ke2 Kc6 48. Kf3 Nd8 49. h5 Nf7 50. hxg6 hxg6 51. Kg2 Nd8 52. Kf3 Ne6 53. Kg3 Kd6 54. Ba7 Kc6 55. Bb8 Kb6 56. Bd6 Kc6 57. Bb4 Nd8 58. Kf3 1/2-1/2